000
003040000a22001330004500
041
0
_a
SPA
082
0
4
_a
G 863 A2846d
100
1
_a
Aguilera Malta, Demetrio (1909-)
245
1
0
_a
Don Goyo / Demetrio Aguilera Malta
260
_a
Quito, Ecuador : Ariel
300
_a
199 Pag
001
11023
942
_c
BK
999
_c
40396
_d
40396